| 000 | 01188 a2200205 4500 | ||
|---|---|---|---|
| 003 | NUST | ||
| 005 | 20221229124626.0 | ||
| 010 | _a 86162038 | ||
| 020 | _a0851211291 : | ||
| 040 | _cNust | ||
| 082 | 0 | 0 | _a355.621,THO |
| 100 | 1 |
_aThorn, Derek G. _9106363 |
|
| 245 | 1 | 0 |
_aDefence contracting for accountants / _cDerek G. Thorn. |
| 260 |
_aLondon : _bLongman, _cc1986. |
||
| 300 |
_axi, 342 p. : _bill. ; _c24 cm. |
||
| 440 | 0 |
_aCrown Eagle Government contracting series _9106364 |
|
| 505 | _aGovernment procurement policy (Page-1), Non-competitive contracts (Page-11), The 1968 agreement and the review board (Page-19), The allocation of costs (page-31), pricing and project management (Page-57), Overhead negotiations (page-75), Current cost accounting (Page-85), The profit formula (Page-97), Research and development expd (Page-111), Calculating the CP/CE ratio (Page-119), Fixd price contracts (Page-141), Practical considerations (Page-213), The profit formula (Page-231), The first annula review (Page-267), The second annual review (Page-283), Future negotiations (Page-293). | ||
| 650 | 0 |
_aDefense contracts _zGreat Britain _xAccounting. _9106365 |
|
| 942 |
_2ddc _cBK _k355.621,THO |
||
| 999 |
_c184801 _d184801 |
||